000 00940cam a2200253 4500
001 ABS64109
008 000000n2001 000 0 eng u
035 _a(Sirsi) u113367
100 _aSmith, K.
245 _aIRE MORI poll
260 _c2001
490 _aProperty Week
_v66(24) 15 June 2001, 38-42(5)
520 _aFeature analysing the results of the MORI survey of pension holders commissioned by Insignia Richard Ellis and Property Week which has revealed that while 73% want over 10% of their money invested in property the investment by funds has dwindled to 5%. Graphs, charts.
590 _aABS
650 _aFUND MANAGEMENT
650 _aINVESTMENT
650 _aINVESTMENT RETURNS
650 _aINVESTMENT YIELDS
650 _aPENSION FUNDS
650 _aPENSION INVESTMENT
650 _aPROPERTY INVESTMENT
690 _aPROPERTY-COMMERCIAL PROPERTY-COMMERCIAL PROPERTY FINANCE AND INVESTMENT
942 _n0
999 _c67542
_d67542